[Event "X C.to Italiano U20"]
[Site "Bratto - Castione della Presolana ITA"]
[Date "2002.08.25"]
[Round "6"]
[White "Hellweger, Stefan"]
[Black "Frilli, Guido"]
[Result "0-1"]
[WhiteElo "1488"]
[BlackElo "1750"]
[PlyCount "112"]
[EventDate "2002.08.20"]

1.e4 c6 2.Nf3 d5 3.exd5 cxd5 4.d4 Nc6 5.c3 g6 6.Bb5 Bd7 7.O-O Bg7 8.Re1 a6
9.Bxc6 Bxc6 10.Ne5 e6 11.Nxc6 bxc6 12.Nd2 Ne7 13.Nf3 O-O 14.Bf4 Nf5 15.Qa4
Qb6 16.b4 a5 17.Reb1 axb4 18.Qxb4 Qxb4 19.Rxb4 Ra3 20.Rb3 Rfa8 21.Rab1 Bf8
22.g4 Bd6 23.Bxd6 Nxd6 24.Ne5 Rxa2 25.Nxc6 Ne4 26.Rb8+ Rxb8 27.Rxb8+ Kg7 
28.h4 Rxf2 29.Ne7 h6 30.g5 hxg5 31.hxg5 Rf4 32.Rc8 Rg4+ 33.Kh1 Rxg5 34.c4 
dxc4 35.Rxc4 Nd6 36.Rc5 Rxc5 37.dxc5 Ne8 38.Kg2 Kf6 39.Nc6 Nc7 40.Kf3 Na6 
41.Nd8 Nxc5 42.Kf4 e5+ 43.Kf3 Ne6 44.Nb7 Kg5 45.Nd6 f5 46.Nc4 Nd4+ 47.Kf2 
Kf4 48.Nd2 e4 49.Nf1 g5 50.Ne3 g4 51.Nf1 Nc6 52.Kg1 Ne5 53.Kf2 Nd3+ 54.Kg1
e3 55.Nh2 e2 56.Kg2 e1=Q 0-1

[Event "X C.to Italiano U20"]
[Site "Bratto - Castione della Presolana ITA"]
[Date "2002.08.25"]
[Round "6"]
[White "Lain, Luigi"]
[Black "Di Caro, Calogero"]
[Result "0-1"]
[WhiteElo "2160"]
[BlackElo "1912"]
[PlyCount "62"]
[EventDate "2002.08.20"]

1.d4 g6 2.c4 Bg7 3.e4 c5 4.d5 d6 5.Bd3 e6 6.Ne2 Nf6 7.Nbc3 O-O 8.Bf4 a6 9.
Qd2 Re8 10.O-O-O exd5 11.exd5 b5 12.Rde1 bxc4 13.Bb1 Qb6 14.f3 Nbd7 15.Bh6
Bh8 16.h4 Ne5 17.h5 Rb8 18.hxg6 fxg6 19.Nf4 Re7 20.Bg5 Reb7 21.Re2 Qa5 22.
Qe1 Nfg4 23.Rh4 Rxb2 24.Rxb2 Qa3 25.Qd2 Nxf3 26.gxf3 Bxc3 27.Qe2 Ne3 28.
Nd3 Bxb2+ 29.Kd2 Bc1+ 30.Ke1 Rxb1 31.Kf2 cxd3 0-1

[Event "X C.to Italiano U20"]
[Site "Bratto - Castione della Presolana ITA"]
[Date "2002.08.25"]
[Round "6"]
[White "Lo Curto, Emanuele"]
[Black "Retter, Martin"]
[Result "1-0"]
[WhiteElo "2084"]
[BlackElo "1807"]
[PlyCount "79"]
[EventDate "2002.08.20"]

1.e4 e6 2.d3 d5 3.Nd2 c5 4.Ngf3 Nc6 5.g3 Nf6 6.Bg2 dxe4 7.dxe4 e5 8.O-O 
Be7 9.c3 Bg4 10.h3 Bh5 11.Qc2 Qc7 12.Re1 Rc8 13.Nh4 O-O 14.Nf5 b5 15.Nf1 
c4 16.N1e3 Bc5 17.a4 a6 18.b3 cxb3 19.Qxb3 Na5 20.Qa2 b4 21.g4 Bg6 22.cxb4
Bxb4 23.Rd1 Bc3 24.Rb1 Rb8 25.Ba3 Rxb1 26.Rxb1 Rd8 27.Rc1 Bxf5 28.Nxf5 g6 
29.Be7 gxf5 30.Bxf6 Rd4 31.gxf5 Qc5 32.Qe2 Rd2 33.Qg4+ Kf8 34.Qg7+ Ke8 35.
Qg8+ Kd7 36.Qxf7+ Kc6 37.Qe6+ Kb7 38.Rb1+ Ka8 39.Qxa6+ Qa7 40.Qc8+ 1-0

[Event "X C.to Italiano U20"]
[Site "Bratto - Castione della Presolana ITA"]
[Date "2002.08.25"]
[Round "6"]
[White "Longo, Aldo"]
[Black "Trazzi, Enrico"]
[Result "1/2-1/2"]
[WhiteElo "1575"]
[BlackElo "1500"]
[PlyCount "104"]
[EventDate "2002.08.20"]

1.e4 e5 2.Nf3 Nc6 3.Bb5 Nf6 4.O-O Bc5 5.c3 d6 6.d4 exd4 7.cxd4 Bb6 8.Nc3 
O-O 9.h3 h6 10.Re1 a6 11.Bxc6 bxc6 12.Bf4 Be6 13.Qc1 Nh7 14.e5 Qd7 15.Ne4 
Bd5 16.Qd2 Rfe8 17.Bxh6 gxh6 18.Qxh6 Qf5 19.Nh4 Qxe4 20.Rxe4 Bxe4 21.f3 
Re6 22.Qd2 Bg6 23.Nxg6 fxg6 24.exd6 Rxd6 25.Qe2 a5 26.Kh1 Rad8 27.Rc1 Bxd4
28.Qe7 Bb6 29.Rxc6 R8d7 30.Qe8+ Nf8 31.Rc4 Re6 32.Qa8 Re1+ 33.Kh2 Re2 34.
Rf4 Rf7 35.Qd5 Re7 36.h4 Kg7 37.Rxf7+ Rxf7 38.g4 Rd7 39.Qg5 Nh7 40.Qe5+ 
Kf7 41.h5 Rd2+ 42.Kh3 gxh5 43.Qf5+ Kg7 44.Qxh5 Rd4 45.Qe5+ Kg6 46.Qf5+ Kg7
47.g5 Rd1 48.f4 Rh1+ 49.Kg2 Rg1+ 50.Kf3 Nxg5+ 51.Ke2 Rg2+ 52.Kd3 Rg3+ 
1/2-1/2

[Event "X C.to Italiano U20"]
[Site "Bratto - Castione della Presolana ITA"]
[Date "2002.08.25"]
[Round "6"]
[White "Longo, Luigi"]
[Black "Ferro, Mario"]
[Result "0-1"]
[WhiteElo "1678"]
[BlackElo "2191"]
[PlyCount "56"]
[EventDate "2002.08.20"]

1.d4 d5 2.c4 e6 3.Nc3 c6 4.Nf3 f5 5.Bg5 Nf6 6.e3 Be7 7.Bd3 O-O 8.Qc2 Ne4 
9.Bxe7 Qxe7 10.Ne5 Nd7 11.Nxd7 Bxd7 12.O-O Rf6 13.f3 Nxc3 14.bxc3 e5 15.f4
e4 16.Be2 Rh6 17.Rf2 Be6 18.c5 Rf8 19.g3 g5 20.Rb1 g4 21.Qb3 Rf7 22.a4 Rg6
23.Kg2 h5 24.Rff1 h4 25.Rh1 Rh7 26.Qb2 Rgh6 27.Qa1 Qf6 28.Rbc1 Qh8 0-1

[Event "X C.to Italiano U20"]
[Site "Bratto - Castione della Presolana ITA"]
[Date "2002.08.25"]
[Round "6"]
[White "Napoli, Nicolo'"]
[Black "Waldner, Mirko"]
[Result "1-0"]
[WhiteElo "1902"]
[BlackElo "1636"]
[PlyCount "61"]
[EventDate "2002.08.20"]

1.e4 e6 2.Qe2 b6 3.g3 Bb7 4.Bg2 Nf6 5.d3 Bc5 6.Nf3 Nc6 7.O-O d5 8.e5 Ng4 
9.d4 Be7 10.h3 Nh6 11.Bxh6 gxh6 12.c3 Qd7 13.b4 O-O-O 14.a4 h5 15.h4 Rdg8 
16.a5 Rg6 17.Nbd2 Rhg8 18.Rfb1 Qd8 19.Nf1 Qf8 20.Ne1 f5 21.exf6 Rxf6 22.
Nd3 Qf7 23.axb6 axb6 24.b5 Na5 25.Ne5 Qg7 26.c4 Rf5 27.Nc6 Nxc6 28.Qxe6+ 
Kd8 29.bxc6 Bxc6 30.Qxc6 Bd6 31.Re1 1-0

[Event "X C.to Italiano U20"]
[Site "Bratto - Castione della Presolana ITA"]
[Date "2002.08.25"]
[Round "6"]
[White "Pulito, Alberto"]
[Black "Bertagnolli, Alexander"]
[Result "0-1"]
[WhiteElo "2032"]
[BlackElo "2294"]
[PlyCount "78"]
[EventDate "2002.08.20"]

1.e4 g6 2.d4 Bg7 3.Nc3 c6 4.f4 d5 5.e5 h5 6.Be3 Nh6 7.Nf3 Bg4 8.h3 Nf5 9.
Bf2 Bxf3 10.Qxf3 h4 11.Bd3 e6 12.Ne2 Na6 13.c3 Nc7 14.O-O Bf8 15.a4 Be7 
16.b3 Kf8 17.c4 Bb4 18.Rad1 Kg7 19.Be1 Bxe1 20.Rfxe1 Ne7 21.Kh2 a5 22.Nc3 
Qd7 23.Qg4 Rad8 24.cxd5 Ncxd5 25.Ne4 Nf5 26.Nc5 Qe7 27.Bxf5 exf5 28.Qf3 b6
29.Nd3 Qe6 30.Nb2 Nb4 31.Qc3 b5 32.Nd3 Nxd3 33.Qxd3 bxa4 34.bxa4 Rd5 35.
Qa6 Rhd8 36.Rc1 Rxd4 37.Rxc6 Qb3 38.Qe2 Qg3+ 39.Kh1 Re4 0-1

[Event "X C.to Italiano U20"]
[Site "Bratto - Castione della Presolana ITA"]
[Date "2002.08.25"]
[Round "6"]
[White "Rodella, Tommaso"]
[Black "Bonagura, Stefano"]
[Result "1-0"]
[WhiteElo "1573"]
[BlackElo "1521"]
[PlyCount "65"]
[EventDate "2002.08.20"]

1.Nf3 d5 2.g3 Nc6 3.d4 Nf6 4.Bg2 Bf5 5.a3 e6 6.Nc3 h6 7.Nh4 Bh7 8.O-O a6 
9.e3 Bd6 10.Re1 Ne4 11.Nxe4 dxe4 12.Bh1 O-O 13.b4 b5 14.Bb2 a5 15.d5 Ne5 
16.Qd4 g5 17.f4 exf3 18.Nxf3 f6 19.dxe6 Qe7 20.Qd1 Rad8 21.Nd4 axb4 22.
axb4 Bxb4 23.c3 c5 24.cxb4 cxd4 25.exd4 Nd3 26.Qd2 Nxe1 27.Rxe1 Rc8 28.Be4
Bxe4 29.Rxe4 Rc4 30.Qd3 Ra8 31.d5 Rxb4 32.Rxb4 Qxb4 33.Bxf6 1-0

[Event "X C.to Italiano U20"]
[Site "Bratto - Castione della Presolana ITA"]
[Date "2002.08.26"]
[Round "7"]
[White "Bentivegna, Francesco"]
[Black "Costantini, Roberto"]
[Result "1-0"]
[WhiteElo "2120"]
[BlackElo "2340"]
[PlyCount "87"]
[EventDate "2002.08.20"]

1.e4 c5 2.c3 d5 3.exd5 Qxd5 4.d4 Nf6 5.Nf3 Bg4 6.Qa4+ Bd7 7.Qb3 Qxb3 8.
axb3 cxd4 9.Nxd4 Nc6 10.Nb5 Rc8 11.Be3 a6 12.N5a3 Nd5 13.Nc4 Nxe3 14.Nxe3 
Rd8 15.b4 Ne5 16.Na3 e6 17.Be2 Bc6 18.Rd1 Rxd1+ 19.Kxd1 b5 20.Nac2 Bd6 21.
Nd4 Bb7 22.Rf1 g5 23.g3 Rg8 24.Kd2 Ke7 25.b3 f5 26.Nec2 Rg6 27.c4 bxc4 28.
bxc4 Rh6 29.c5 Bc7 30.Ra1 a5 31.bxa5 Rxh2 32.a6 Ba8 33.a7 Rxf2 34.Ra6 Nd7 
35.Nxe6 Bxg3 36.c6 Ne5 37.Ncd4 Nc4+ 38.Kc3 Nd6 39.Nc5 Kd8 40.Nce6+ Kc8 41.
Ra1 Ne4+ 42.Kb3 Rxe2 43.Nxe2 Bf2 44.N2d4 1-0

[Event "X C.to Italiano U20"]
[Site "Bratto - Castione della Presolana ITA"]
[Date "2002.08.26"]
[Round "7"]
[White "Berni, Giorgio"]
[Black "Buchicchio, Giampaolo"]
[Result "0-1"]
[WhiteElo "2198"]
[BlackElo "2188"]
[PlyCount "50"]
[EventDate "2002.08.20"]

1.e4 c5 2.Nf3 e6 3.d4 cxd4 4.Nxd4 Nc6 5.Nb5 Nf6 6.Bf4 e5 7.Bg5 d6 8.Nd2 a6
9.Bxf6 gxf6 10.Nc3 f5 11.Qh5 b5 12.a4 Nd4 13.axb5 Nxc2+ 14.Kd1 Nxa1 15.Bc4
Ra7 16.Nd5 axb5 17.Bxb5+ Bd7 18.Qxf5 Bg7 19.Qg4 O-O 20.Bxd7 Rxd7 21.h4 Rb7
22.Rh3 Qc8 23.Nf6+ Kh8 24.Qg5 h6 25.Qh5 Rxb2 0-1

[Event "X C.to Italiano U20"]
[Site "Bratto - Castione della Presolana ITA"]
[Date "2002.08.26"]
[Round "7"]
[White "Bertagnolli, Alexander"]
[Black "Damia, Angelo"]
[Result "1-0"]
[WhiteElo "2294"]
[BlackElo "1888"]
[PlyCount "89"]
[EventDate "2002.08.20"]

1.Nf3 d5 2.c4 dxc4 3.Na3 Nf6 4.Nxc4 e6 5.b3 b5 6.Nce5 Bd6 7.e3 a6 8.Bb2 
Bb7 9.a4 b4 10.Rc1 Nbd7 11.Nc6 Qc8 12.Na5 O-O 13.Nxb7 Qxb7 14.Be2 Rac8 15.
d4 c5 16.dxc5 Bxc5 17.Qd3 a5 18.O-O Be7 19.Bd4 Nc5 20.Qb1 Nce4 21.Bc4 Bc5 
22.Be5 Bd6 23.Ba1 Be7 24.Rfd1 Rfd8 25.Rxd8+ Rxd8 26.Bd3 Rc8 27.Bxe4 Rxc1+ 
28.Qxc1 Qxe4 29.Bxf6 gxf6 30.Qd1 Bd6 31.Kf1 Be5 32.Ke2 Bc3 33.Qd3 Qg4 34.
Kf1 e5 35.h3 Qc8 36.Nh4 Qa8 37.e4 Qf8 38.Nf5 Kh8 39.Qd6 Qxd6 40.Nxd6 Kg7 
41.Nc4 Kf8 42.Nxa5 Ke7 43.Nc4 Bd4 44.Ne3 Ke6 45.Nf5 1-0

[Event "X C.to Italiano U20"]
[Site "Bratto - Castione della Presolana ITA"]
[Date "2002.08.26"]
[Round "7"]
[White "Bevilacqua, Andrea"]
[Black "Bonarrigo, Marco"]
[Result "1-0"]
[WhiteElo "1500"]
[BlackElo "1699"]
[PlyCount "65"]
[EventDate "2002.08.20"]

1.e4 c5 2.Nc3 Nc6 3.f4 g6 4.Nf3 Bg7 5.Bc4 e6 6.d3 Nge7 7.Bb3 d5 8.O-O O-O 
9.Kh1 Rb8 10.Ne2 b5 11.c3 Qc7 12.Qe1 Rd8 13.Qh4 c4 14.Bc2 cxd3 15.Bxd3 b4 
16.e5 bxc3 17.bxc3 Qa5 18.a4 Ba6 19.Bxa6 Qxa6 20.Ba3 Qxe2 21.Bxe7 Rb2 22.
Rg1 Rdb8 23.Bf6 Bf8 24.f5 exf5 25.Rae1 Qf2 26.Qf4 Re2 27.Bh4 Rxe1 28.Bxf2 
Re2 29.Bd4 Rbb2 30.e6 fxe6 31.Qc7 Nxd4 32.cxd4 Rec2 33.Qd7 1-0

[Event "X C.to Italiano U20"]
[Site "Bratto - Castione della Presolana ITA"]
[Date "2002.08.26"]
[Round "7"]
[White "Bracali, Andrea"]
[Black "Buchicchio, Roberto"]
[Result "1/2-1/2"]
[WhiteElo "1488"]
[BlackElo "1645"]
[PlyCount "51"]
[EventDate "2002.08.20"]

1.Nf3 c5 2.g3 g6 3.Bg2 Bg7 4.d4 cxd4 5.Nxd4 Nf6 6.O-O O-O 7.Nc3 d5 8.Nb3 
e6 9.e4 dxe4 10.Nxe4 Nxe4 11.Bxe4 Qc7 12.Qe2 Bd7 13.c3 Bc6 14.Bxc6 Nxc6 
15.Be3 Rfd8 16.Rfd1 e5 17.Rxd8+ Rxd8 18.Rd1 b6 19.Bg5 Rxd1+ 20.Qxd1 h6 21.
Be3 Qd8 22.Qe2 Ne7 23.Nd2 f5 24.Nf3 Qd5 25.c4 Qe4 26.Nd2 1/2-1/2

[Event "X C.to Italiano U20"]
[Site "Bratto - Castione della Presolana ITA"]
[Date "2002.08.26"]
[Round "7"]
[White "Castellano, Fabio Marco"]
[Black "Longo, Aldo"]
[Result "0-1"]
[WhiteElo "1600"]
[BlackElo "1575"]
[PlyCount "86"]
[EventDate "2002.08.20"]

1.e4 e5 2.Nf3 Nc6 3.d4 exd4 4.Nxd4 Bc5 5.Be3 Qf6 6.c3 Nge7 7.Bc4 Ne5 8.Be2
Qg6 9.O-O d6 10.Bh5 Qxe4 11.Nd2 Qd5 12.c4 Nxc4 13.Bf3 Nxe3 14.fxe3 Qg5 15.
Qe2 O-O 16.Ne4 Qe5 17.Rad1 Nf5 18.Nxc5 Qxc5 19.Nxf5 Bxf5 20.Rd5 Qc2 21.Rd2
Qa4 22.Bxb7 Rab8 23.Bd5 Bg6 24.Bb3 Qd7 25.Qf2 Qe7 26.Re1 Be4 27.Rd4 Rb5 
28.Rc1 Rg5 29.g3 c5 30.Rd2 Rf5 31.Qe1 Qf6 32.Bc2 Re8 33.Bxe4 Rxe4 34.Rcd1 
Re6 35.e4 Rfe5 36.Qe3 Rxe4 37.Qxe4 Rxe4 38.Rxd6 Re1+ 39.Rxe1 Qxd6 40.Re8+ 
Qf8 41.Rxf8+ Kxf8 42.Kf2 f5 43.g4 fxg4 0-1

[Event "X C.to Italiano U20"]
[Site "Bratto - Castione della Presolana ITA"]
[Date "2002.08.26"]
[Round "7"]
[White "Chinello, Gianmarco"]
[Black "Arcion, Riccardo"]
[Result "0-1"]
[WhiteElo "1636"]
[BlackElo "1825"]
[PlyCount "92"]
[EventDate "2002.08.20"]

1.e4 c5 2.Nf3 e6 3.d4 cxd4 4.Nxd4 Nc6 5.Nc3 Qc7 6.Be3 a6 7.Qd2 b5 8.a3 Nf6
9.Nxc6 dxc6 10.Bd3 Be7 11.O-O O-O 12.h3 Rd8 13.Rad1 c5 14.Qc1 Bb7 15.e5 
Qxe5 16.Bf4 Qh5 17.Rfe1 c4 18.Re5 Qxe5 19.Bxe5 cxd3 20.Rxd3 Nd5 21.Qd1 
Nxc3 22.Bxc3 Bd5 23.Qg4 g6 24.h4 Rac8 25.h5 Rc4 26.Rd4 Rxd4 27.Qxd4 f6 28.
Qf4 e5 29.Qg3 Kg7 30.hxg6 hxg6 31.Qe3 Bf7 32.Qb6 Rd6 33.Qb7 Rd1+ 34.Kh2 
Bc5 35.Qxa6 Bxf2 36.Qxb5 Rd8 37.g3 Bd5 38.Qf1 Rh8+ 39.Qh3 Rxh3+ 40.Kxh3 
Bd4 41.Bxd4 exd4 42.Kh2 Be4 43.Kg1 Bxc2 44.Kf2 Kf7 45.Ke1 Ke6 46.Kd2 Bb3 
0-1

[Event "X C.to Italiano U20"]
[Site "Bratto - Castione della Presolana ITA"]
[Date "2002.08.26"]
[Round "7"]
[White "Di Caro, Calogero"]
[Black "Brunello, Sabino"]
[Result "0-1"]
[WhiteElo "1912"]
[BlackElo "1957"]
[PlyCount "104"]
[EventDate "2002.08.20"]

1.d4 d5 2.c4 e6 3.Nc3 Nf6 4.cxd5 exd5 5.Bg5 Be7 6.e3 c6 7.Bd3 O-O 8.Qc2 
Nbd7 9.Nge2 Re8 10.O-O Nf8 11.f3 Nh5 12.Bxe7 Qxe7 13.e4 dxe4 14.fxe4 Nf6 
15.e5 Ng4 16.Qd2 c5 17.Bc4 Be6 18.d5 Qh4 19.h3 Nxe5 20.Bb5 Bd7 21.Bxd7 
Nfxd7 22.b3 Ng6 23.d6 Nf6 24.Nb5 Rad8 25.Nc7 Rf8 26.Rad1 b6 27.Nc3 Rd7 28.
Qf2 Qxf2+ 29.Rxf2 Ne8 30.Nxe8 Rxe8 31.Rfd2 Ne5 32.a4 Nc6 33.Ne2 Red8 34.
Kf2 Na5 35.Rd3 Nb7 36.Nf4 Rxd6 37.Nd5 Kf8 38.g4 Na5 39.b4 c4 40.Rc3 Nb7 
41.Rxc4 Rxd5 42.Rxd5 Rxd5 43.Rc7 Nd8 44.Rxa7 Nc6 45.Rb7 Nxb4 46.Rxb6 Nd3+ 
47.Ke3 Nc5 48.Rb5 Ke7 49.a5 Rd3+ 50.Ke2 Rc3 51.Rb8 Nd7 52.Ra8 Rxh3 0-1

[Event "X C.to Italiano U20"]
[Site "Bratto - Castione della Presolana ITA"]
[Date "2002.08.26"]
[Round "7"]
[White "Ferro, Mario"]
[Black "Cappai, Davide"]
[Result "1-0"]
[WhiteElo "2191"]
[BlackElo "1774"]
[PlyCount "51"]
[EventDate "2002.08.20"]

1.d4 d5 2.c3 Nf6 3.f4 Bf5 4.Nf3 h5 5.Nbd2 e6 6.Ne5 Ng4 7.Nxg4 hxg4 8.g3 
Bd6 9.Bg2 g5 10.e4 dxe4 11.Nxe4 Bxe4 12.Bxe4 f5 13.Bxb7 Nd7 14.Qe2 Kf7 15.
Bxa8 Qxa8 16.Rf1 gxf4 17.Bxf4 Nf6 18.O-O-O Qe4 19.Rde1 Kg6 20.Qd2 Qd5 21.
Bxd6 cxd6 22.Kb1 Ne4 23.Qc2 Rb8 24.Rf4 Kg5 25.Rexe4 fxe4 26.Qe2 1-0

[Event "X C.to Italiano U20"]
[Site "Bratto - Castione della Presolana ITA"]
[Date "2002.08.26"]
[Round "7"]
[White "Frilli, Guido"]
[Black "Bove, Alessandro"]
[Result "1/2-1/2"]
[WhiteElo "1750"]
[BlackElo "1815"]
[PlyCount "72"]
[EventDate "2002.08.20"]

1.e4 e5 2.d4 exd4 3.Qxd4 Nc6 4.Qe3 Nf6 5.Nc3 Bb4 6.Bd2 O-O 7.O-O-O Re8 8.
Bc4 Bxc3 9.Bxc3 Nxe4 10.Qf4 Nf6 11.Nf3 d6 12.Ng5 Be6 13.Bd3 h6 14.h4 Nd5 
15.Bh7+ Kh8 16.Rxd5 Bxd5 17.Be4 Rxe4 18.Nxe4 Ne5 19.Rd1 c6 20.Nxd6 Qxd6 
21.Bxe5 Qg6 22.g4 Kg8 23.g5 Re8 24.gxh6 Qxh6 25.Qxh6 gxh6 26.Rg1+ Kf8 27.
Bg7+ Ke7 28.Bxh6 Rh8 29.Re1+ Be6 30.Be3 b6 31.a3 f6 32.Rh1 Bd5 33.Rh2 Bf3 
34.Kd2 Ke6 35.Bd4 Kf5 36.Ke3 Bh5 1/2-1/2

[Event "X C.to Italiano U20"]
[Site "Bratto - Castione della Presolana ITA"]
[Date "2002.08.26"]
[Round "7"]
[White "Kidane, Robel"]
[Black "Nardi, Marco"]
[Result "0-1"]
[WhiteElo "1770"]
[BlackElo "1690"]
[PlyCount "104"]
[EventDate "2002.08.20"]

1.e4 e5 2.Nf3 Nf6 3.d4 Nxe4 4.Bd3 d5 5.Nxe5 Nd7 6.O-O Bd6 7.Nd2 Nxe5 8.
Nxe4 dxe4 9.dxe5 Bxe5 10.Bxe4 O-O 11.Bxh7+ Kxh7 12.Qh5+ Kg8 13.Qxe5 Re8 
14.Qh5 Qf6 15.c3 Re5 16.Qd1 Be6 17.Be3 Rd8 18.Qa4 Qg6 19.Qf4 Rdd5 20.c4 
Rg5 21.cxd5 Rxg2+ 22.Kh1 Bxd5 23.f3 Rg4 24.Qe5 Qc2 25.Qg3 Rxg3 26.hxg3 Qe2
27.Bf4 Bxf3+ 28.Rxf3 Qxf3+ 29.Kg1 c6 30.Re1 Qd5 31.b3 Qd4+ 32.Kf1 Qd3+ 33.
Kf2 Qf5 34.Re5 Qh3 35.Re8+ Kh7 36.Re2 f6 37.Kg1 g5 38.Bb8 Kg6 39.Bxa7 
Qxg3+ 40.Rg2 Qe1+ 41.Kh2 f5 42.Bf2 Qe5+ 43.Bg3 f4 44.Bf2 f3+ 45.Bg3 Qh8+ 
46.Kg1 fxg2 47.Kxg2 Qb2+ 48.Bf2 Qxa2 49.b4 Kf5 50.b5 cxb5 51.Kf3 g4+ 52.
Kg2 g3 0-1

[Event "X C.to Italiano U20"]
[Site "Bratto - Castione della Presolana ITA"]
[Date "2002.08.26"]
[Round "7"]
[White "Longo, Luigi"]
[Black "Pulito, Alberto"]
[Result "0-1"]
[WhiteElo "1678"]
[BlackElo "2032"]
[PlyCount "58"]
[EventDate "2002.08.20"]

1.d4 d5 2.c4 e6 3.Nc3 Nf6 4.Bg5 c6 5.e3 Nbd7 6.Nf3 Qa5 7.Nd2 Bb4 8.Qc2 Ne4
9.Ncxe4 dxe4 10.Bf4 O-O 11.Qd1 e5 12.Bg3 exd4 13.exd4 f5 14.a3 Be7 15.b4 
Qd8 16.h3 f4 17.Bh2 e3 18.Nf3 Bh4 19.g3 exf2+ 20.Kxf2 fxg3+ 21.Bxg3 Bxg3+ 
22.Kxg3 Nf6 23.Bg2 Ne4+ 24.Kh2 Nf2 25.Qb3 Nxh1 26.c5+ Kh8 27.Ne5 Qxd4 28.
Nf7+ Rxf7 29.Qxf7 Qe5+ 0-1

[Event "X C.to Italiano U20"]
[Site "Bratto - Castione della Presolana ITA"]
[Date "2002.08.26"]
[Round "7"]
[White "Mazzilli, Piero"]
[Black "Nardelli, Marco"]
[Result "1-0"]
[WhiteElo "2242"]
[BlackElo "1821"]
[PlyCount "72"]
[EventDate "2002.08.20"]

1.e4 e5 2.Nc3 Nf6 3.Nf3 Nc6 4.d4 exd4 5.Nxd4 Bb4 6.Nxc6 Bxc3+ 7.bxc3 bxc6 
8.Bd3 O-O 9.O-O h6 10.e5 Nd5 11.Qf3 d6 12.Ba3 a5 13.exd6 cxd6 14.Qg3 Re8 
15.Bxd6 Qg5 16.Rfe1 Be6 17.Be5 f6 18.Bd4 Qxg3 19.hxg3 Kf7 20.Rab1 Reb8 21.
a3 Nc7 22.c4 Bd7 23.Bc5 Ne6 24.Bd6 Rxb1 25.Rxb1 Bc8 26.Be4 Nd4 27.Bc5 Ne2+
28.Kf1 Nc3 29.Bxc6 Nxb1 30.Bxa8 Nd2+ 31.Ke2 Nxc4 32.Kd3 Ne5+ 33.Kd4 a4 34.
Bd5+ Be6 35.c4 Bxd5 36.cxd5 Nd7 1-0

[Event "X C.to Italiano U20"]
[Site "Bratto - Castione della Presolana ITA"]
[Date "2002.08.26"]
[Round "7"]
[White "Mogranzini, Roberto"]
[Black "Lo Curto, Emanuele"]
[Result "1/2-1/2"]
[WhiteElo "2149"]
[BlackElo "2084"]
[PlyCount "74"]
[EventDate "2002.08.20"]

1.e4 c5 2.Nf3 d6 3.d4 cxd4 4.Nxd4 Nf6 5.Nc3 e6 6.Be2 Be7 7.O-O Nc6 8.Be3 
Bd7 9.f4 Nxd4 10.Qxd4 Bc6 11.Bf3 O-O 12.a4 Qc7 13.Nb5 Bxb5 14.axb5 e5 15.
Qd3 exf4 16.Bxf4 Nd7 17.c3 Ne5 18.Qe2 Rfc8 19.Be3 b6 20.Ra4 Rab8 21.Bd4 
Bf6 22.Qf2 Qd7 23.Be2 Rc7 24.Rd1 Qe6 25.Rda1 Qe7 26.Bxe5 Bxe5 27.Bc4 g6 
28.Bd5 Kg7 29.Rf1 Qg5 30.Rfa1 Qe7 31.Qd2 Rf8 32.Rf1 Qh4 33.g3 Qg4 34.Qd3 
h5 35.Qf3 Qh3 36.Qg2 Qg4 37.Qf3 Qh3 1/2-1/2

[Event "X C.to Italiano U20"]
[Site "Bratto - Castione della Presolana ITA"]
[Date "2002.08.26"]
[Round "7"]
[White "Navarro, Stefano"]
[Black "Buchicchio, Giancarlo"]
[Result "1/2-1/2"]
[WhiteElo "2122"]
[BlackElo "1825"]
[PlyCount "66"]
[EventDate "2002.08.20"]

1.e4 Nf6 2.e5 Nd5 3.c4 Nb6 4.d4 d6 5.f4 dxe5 6.fxe5 Nc6 7.Be3 Bf5 8.Nc3 e6
9.Nf3 Be7 10.Be2 O-O 11.O-O f6 12.exf6 Bxf6 13.Qd2 Qe7 14.Rad1 Rad8 15.Qc1
Kh8 16.Kh1 Rd7 17.Rd2 Rfd8 18.Rfd1 g6 19.h3 h5 20.Bf1 g5 21.Ne2 g4 22.Nh2 
gxh3 23.gxh3 Be4+ 24.Bg2 Bxg2+ 25.Kxg2 Qg7+ 26.Kh1 Nxd4 27.Nxd4 Bxd4 28.
Bxd4 Rxd4 29.Rxd4 Rxd4 30.Rxd4 Qxd4 31.Qh6+ Kg8 32.Qxe6+ Kh7 33.Qf7+ Kh6 
1/2-1/2

[Event "X C.to Italiano U20"]
[Site "Bratto - Castione della Presolana ITA"]
[Date "2002.08.26"]
[Round "7"]
[White "Navarro, Tommaso"]
[Black "Buchicchio, Alessandro"]
[Result "0-1"]
[WhiteElo "1567"]
[BlackElo "1707"]
[PlyCount "48"]
[EventDate "2002.08.20"]

1.e4 Nf6 2.e5 Nd5 3.c4 Nb6 4.d4 d6 5.Nf3 Nc6 6.b3 Bg4 7.Bb2 dxe5 8.d5 Nd4 
9.Nbd2 c6 10.dxc6 Nxc6 11.Be2 Qc7 12.O-O e6 13.Nxe5 Nxe5 14.Bxg4 O-O-O 15.
Bc3 h5 16.Bxh5 g6 17.f4 Qc5+ 18.Kh1 Rxh5 19.fxe5 Bg7 20.Qc2 Bxe5 21.Bxe5 
Qxe5 22.Nf3 Qf4 23.Qe2 Rdh8 24.Rfd1 Rxh2+ 0-1

[Event "X C.to Italiano U20"]
[Site "Bratto - Castione della Presolana ITA"]
[Date "2002.08.26"]
[Round "7"]
[White "Piscopo, Pierluigi"]
[Black "Napoli, Nicolo'"]
[Result "1-0"]
[WhiteElo "2289"]
[BlackElo "1902"]
[PlyCount "99"]
[EventDate "2002.08.20"]

1.e4 g6 2.d4 d6 3.Nc3 Bg7 4.Be3 Nf6 5.Qd2 Ng4 6.Bg5 Nc6 7.h3 h6 8.Bh4 Nf6 
9.f4 e5 10.dxe5 Nxe4 11.Bxd8 Nxd2 12.Bxc7 Nxf1 13.Kxf1 dxe5 14.fxe5 Bf5 
15.Bd6 O-O-O 16.Nf3 Rhe8 17.g4 Bxc2 18.Ne1 Bxe5 19.Bxe5 Nxe5 20.Nxc2 Rd2 
21.Ne4 Rxc2 22.Nd6+ Kd7 23.Nxe8 Kxe8 24.Re1 f6 25.Re2 Rc7 26.Kg2 Kf7 27.
Rd1 g5 28.Red2 Ke7 29.Re1 Kf7 30.Red1 Ke7 31.Kg3 Rc4 32.Rd4 Rc2 33.R1d2 
Rc1 34.Rd1 Rc2 35.R4d2 Rc4 36.Re1 Kf7 37.Re3 Rc7 38.Rc3 Re7 39.Rdc2 Nc6 
40.Rd2 Kg6 41.Rd6 Re2 42.Rf3 Rxb2 43.Rdxf6+ Kg7 44.Rf7+ Kg8 45.Rf2 Rxa2 
46.Rxb7 Rxf2 47.Kxf2 Ne5 48.Rxa7 Nf7 49.Kf3 Kg7 50.Ke4 1-0

[Event "X C.to Italiano U20"]
[Site "Bratto - Castione della Presolana ITA"]
[Date "2002.08.26"]
[Round "7"]
[White "Tassinari, Luca"]
[Black "Rodella, Tommaso"]
[Result "1-0"]
[WhiteElo "1600"]
[BlackElo "1573"]
[PlyCount "45"]
[EventDate "2002.08.20"]

1.e4 e5 2.Nf3 Nc6 3.d4 exd4 4.Bc4 Nf6 5.O-O d6 6.Re1 Bg4 7.Be2 Bxf3 8.Bxf3
Be7 9.b3 Ne5 10.Bb2 Nxf3+ 11.Qxf3 c6 12.Bxd4 O-O 13.Nd2 Nd7 14.Rad1 Bf6 
15.Nc4 Be7 16.Ba1 Qc7 17.Qg3 g6 18.Nxd6 Bxd6 19.Rxd6 Qa5 20.Bc3 Qxa2 21.
Rxd7 Qxc2 22.Qe5 Qxc3 23.Qxc3 1-0

[Event "X C.to Italiano U20"]
[Site "Bratto - Castione della Presolana ITA"]
[Date "2002.08.26"]
[Round "7"]
[White "Trazzi, Enrico"]
[Black "Bartolini, Marco"]
[Result "1-0"]
[WhiteElo "1500"]
[BlackElo "1618"]
[PlyCount "56"]
[EventDate "2002.08.20"]

1.d4 e6 2.c4 d5 3.Nc3 Nf6 4.Bg5 Be7 5.e3 Nbd7 6.Nf3 O-O 7.cxd5 exd5 8.Bd3 
c6 9.O-O Re8 10.Rc1 Ne4 11.Bxe7 Qxe7 12.Bxe4 dxe4 13.Nd2 f5 14.Re1 Qh4 15.
Nf1 Nf6 16.Ne2 g5 17.g3 Qh3 18.Qb3+ Kg7 19.a3 Ng4 20.Rc5 Nxh2 21.Nxh2 Re6 
22.Re5 Rh6 23.Re7+ Kh8 24.Re8+ Kg7 25.Qg8+ Kf6 26.Qf8+ Kg6 27.Qd6+ Be6 28.
Rxe6+ Kg7 1-0

[Event "X C.to Italiano U20"]
[Site "Bratto - Castione della Presolana ITA"]
[Date "2002.08.26"]
[Round "7"]
[White "Vocaturo, Daniele"]
[Black "Lain, Luigi"]
[Result "1/2-1/2"]
[WhiteElo "2101"]
[BlackElo "2160"]
[PlyCount "153"]
[EventDate "2002.08.20"]

1.e4 e5 2.Nf3 Nc6 3.Bb5 a6 4.Ba4 Nf6 5.O-O b5 6.Bb3 Be7 7.Re1 d6 8.c3 Bg4 
9.d3 O-O 10.Nbd2 Na5 11.Bc2 c5 12.Nf1 Nc6 13.h3 Bxf3 14.Qxf3 Ne8 15.Ne3 
Bf6 16.Nd5 Bg5 17.Qg3 Bxc1 18.Raxc1 Nf6 19.Bb3 Rb8 20.f4 Nh5 21.Qg4 Nxf4 
22.Nxf4 exf4 23.Qxf4 c4 24.Bc2 cxd3 25.Bxd3 Ne5 26.Bf1 b4 27.Qd2 bxc3 28.
bxc3 Qc7 29.Kh1 Rb6 30.Red1 Rfb8 31.c4 Rc6 32.Qd5 h6 33.Rd2 Kh7 34.Be2 Rb4
35.Rdc2 Rc5 36.Qd4 Ra4 37.Bf1 f6 38.Be2 Rca5 39.Qd2 Qc6 40.Qf4 Rxa2 41.
Qf5+ Kg8 42.Qe6+ Kh8 43.Bf3 Qd7 44.Qxd7 Nxd7 45.Rxa2 Rxa2 46.Rd1 Nb6 47.
Rxd6 Nxc4 48.Rd8+ Kh7 49.Bg4 Ne3 50.Bf3 Ra1+ 51.Kh2 Nf1+ 52.Kg1 Nd2+ 53.
Kf2 Nxf3 54.gxf3 a5 55.Rd5 a4 56.Ra5 a3 57.Kg3 a2 58.Kf4 Kg6 59.h4 Kf7 60.
h5 Ke6 61.Ra6+ Kd7 62.Ra7+ Kc6 63.Ra6+ Kc5 64.Ra5+ Kc4 65.Ra8 Rh1 66.Rxa2 
Rxh5 67.Rg2 Rg5 68.Rd2 h5 69.Rd8 Kc3 70.Rd5 h4 71.Rd1 Rg2 72.Rh1 Kd3 73.
Kf5 Ke3 74.f4 g6+ 75.Kxf6 Kxe4 76.Rxh4 Kf3 77.Rh6 1/2-1/2